01183nam a2200217 a 450000100100000000500170001000800410002704000250006810000600009324501960015326000540034930000200040349000230042353400260044659000750047283000300054704900090057795201780058695201840076499900170094800003579920200930074624.0111114s1982 mx 000 0 spa d aDO-SdBNPbspacBNPHU1 aA.C. Bhaktivedanta Swami Prabhupada,d1896-1977.96174910aEn busca de la liberación :buna conversación entre su divina gracia A. G. Bhak Bhaktivedanta Swami Prabhupãda y el famoso beatle John Lennon /ctraducción Virabähu däsa adhikâ. aMéxico :bFondo Editorial Bhaktivedanta,c1982. a63 p. ;c20 cm.1 aJuventud mística aSearch for liberation aPerteneció a la biblioteca personal de Juan Isidro Jimenes Grullón 0aJuventud mística961750 aBNPD 001050718MOaGRbGRcHDd2011-11-14iLF1l0o p35799-10r2020-06-25w2020-06-25y1zPerteneció a la biblioteca personal de Juan Isidro Jimenes Grullón.ZNo se presta 001050718MOaGRbGRcCTd2011-11-16iLF1l0o p35799-20r2020-06-25te. 2w2020-06-25y1zPerteneció a la biblioteca personal de Juan Isidro Jimenes Grullón.ZNo se presta c35290d35290